000 00365nam a22001337a 4500
020 _a9788120336384
040 _cNust
082 _a515.35
_bBIS
100 _aPurna Chandra Biswal
_9124407
245 _aOrdinary Differential Equations
260 _aNew Delhi:
_bPHI Learning Pvt Ltd,
_c2008.
650 _aOrdinary Differential Equations
_910488
942 _2ddc
_cBK
999 _c610278
_d610278